| 000 | 00566nam a2200193Ia 4500 | ||
|---|---|---|---|
| 003 | GCL | ||
| 008 | 140319s9999 xx 000 0 ara d | ||
| 040 |
_aGCL / _cGCL |
||
| 082 | 0 | 4 |
_a863 _bس ص |
| 100 | 1 | _aمحمود على مكى | |
| 245 | 1 | 0 |
_aصياح الدجاجة / _cمحمود على مكى |
| 700 | 1 | _aسويس، رامون | |
| 300 | _a224 ص | ||
| 490 |
_aالابداع العالمى _v0 |
||
| 650 | 0 | 4 | _aالقصة |
| 650 | 0 | 4 | _aالادب العالمى المترجم |
| 650 | 0 | 4 | _aالادب الاسبانى المترجم |
| 942 |
_2ddc _cBK |
||
| 999 |
_c40846 _d40846 |
||